| 000 | 00916cam a2200289 a 4500 | ||
|---|---|---|---|
| 001 | 9042595 | ||
| 003 | ARRUPE | ||
| 005 | 20151112115648.0 | ||
| 008 | 111003s2011 fr b 001 0 fre d | ||
| 020 | _a9782811105228 | ||
| 020 | _a2811105220 | ||
| 035 | _a(OCoLC)ocn756581447 | ||
| 035 |
_a(OCoLC)756581447 _z(OCoLC)756583119 |
||
| 035 | _a(NNC)9042595 | ||
| 040 |
_aTZT _cTZT _dAUXAM |
||
| 050 | 4 |
_aB5305 _bE24 2011 |
|
| 100 | 1 |
_aEboussi Boulaga, F. _q(Fabien) _921042 |
|
| 245 | 1 | 2 |
_aL'affaire de la philosophie africaine : _bau-delĂ des querelles / _cFabien Eboussi Boulaga. |
| 260 |
_aParis : _bKarthala; _aYaoundé : _bTerroirs, _c2011. |
||
| 300 |
_a246 p. ; _c24 cm. |
||
| 504 | _aIncludes bibliographical references and index. | ||
| 650 | 0 |
_aPhilosophy _zAfrica. _921087 |
|
| 653 | _aEssay on African philosophy | ||
| 942 |
_2lcc _cMONOGRAPH |
||
| 948 | 1 |
_a20111026 _bc _csds12 _dMPS |
|
| 999 |
_c123785 _d123785 |
||